Diseño de un sistema de planeación y control de inventario de tarjetas plásticas de pago en una entidad bancaria
Bewaard in:
| Hoofdauteur: | |
|---|---|
| Andere auteurs: | , |
| Formaat: | Boek |
| Taal: | Spanish |
| Gepubliceerd in: |
[San José, Costa Rica]
2021
|
| Onderwerpen: | |
| Tags: |
Voeg label toe
Geen labels, Wees de eerste die dit record labelt!
|
MARC
| LEADER | 00000nam a2200000Ia 4500 | ||
|---|---|---|---|
| 003 | 013801 | ||
| 005 | 20240315101227.0 | ||
| 008 | 140114s2021 cr a 000 ||spa d | ||
| 040 | |c cru CEDI | ||
| 100 | |a Campos Artavia, Esteban, 1922- |9 2662 | ||
| 245 | |a Diseño de un sistema de planeación y control de inventario de tarjetas plásticas de pago en una entidad bancaria | ||
| 260 | |a [San José, Costa Rica] |c 2021 | ||
| 500 | |a Proyecto de graduación (licenciatura en ingeniería industrial)--Universidad de Costa Rica. Facultad de Ingeniería. Escuela de Ingeniería Industrial | ||
| 501 | |a Director de Proyecto de Graduación: Ing. José Roig Zamora, M.Sc. | ||
| 650 | |x CONTROL DE PROCESOS |x CONTROL DE INVENTARIOS |x PLANIFICACION EMPRESARIAL |x ADMINISTRACION DE PRODUCTOS | ||
| 700 | |a Lee James, César, 1988- |9 2663 | ||
| 700 | |a Roig Zamora, José Francisco, 1978- |d Director del TFG |9 311 | ||
| 942 | |c TFG |h TFG 8942 |i 013801 |6 TFG_8942_013801000000000 | ||
| 999 | |c 12796 |d 12796 | ||
